000 01103nam a2200145Ia 4500
008 231221s9999 xx 000 0 und d
041 _aEnglish
245 0 _aDigit (1999 -
260 _cNov, 2001
440 _aI
500 _aTitle changed into CHIP
510 _aConnect, Bookmarks:Online dictrionaries Sitemap: Indolink.com Newletters: Downloads Indiasites,ISP Watch, Arena Section, Allgn it Magic & Mayhem: The Art of Music Max Payne, South Park Mario Bros, Trickstyle Xonix32 Surge: Mp3 music double star guilt mental sky trailers, Hardball princes diary wet hot summer, Gallery Screensavers Wallpapers, themes skins Droolmaal, Sensory science rave: Mp 2300Richo RDC-7 Digital camera Archos Technology MiniCDRW IBM blueeyes emotion Mouse 11 Sipix Pocket Printer A6 Trium Mondo Pocket PC Benwin EX-4 Tit- anium
650 _aConnect, Bookmarks:Online dictrionaries Sitemap: Indolink.com Newletters: Downloads Indiasites,ISP Watch, Arena Section, Allgn it Magic & Mayhem: The Art of Music Max Payne, South Park Mario Bros, Trickstyle Xonix32 Surge: Mp3 music double star guilt
942 _cCD
999 _c202254
_d202254